[Event "NB2 Barcza csoport"]
[Site "Debrecen"]
[Date "2024.11.17"]
[Round "2.3"]
[White "Kerek, Krisztian"]
[Black "Biro, Beata"]
[Result "1-0"]
[WhiteElo "2122"]
[BlackElo "1909"]
[PlyCount "57"]
[EventDate "2024.11.03"]
[EventType "team-tourn"]
[EventRounds "9"]
[EventCountry "HUN"]
[Source "chess.hu"]
[SourceDate "2024.11.17"]
[WhiteTeam "Mezokovesd Zsory SE"]
[BlackTeam "DEAC-Debr.Sakkiskola"]
[WhiteTeamCountry "HUN"]
[BlackTeamCountry "HUN"]

1. e4 c5 2. b4 cxb4 3. a3 e6 4. axb4 Bxb4 5. c3 Be7 6. d4 d5 7. e5 Qc7 8. Nf3
Bd7 9. Bd3 Bd8 10. O-O h6 11. Na3 Ne7 12. Bf4 O-O 13. Qd2 Ng6 14. Bg3 Be7 15.
h4 Rc8 16. Rfc1 Bxa3 17. Rxa3 Nc6 18. h5 Nge7 19. Bf4 Qd8 20. Bxh6 Qf8 21. Bf4
a6 22. Bb1 Nf5 23. Ra1 Na7 24. g4 Ne7 25. Qd3 g6 26. Bg5 Nac6 27. Kg2 b5 28.
Rh1 Be8 29. Bf6 1-0

[Event "NB2 Barcza csoport"]
[Site "Debrecen"]
[Date "2024.11.17"]
[Round "2.4"]
[White "Filep, Ferenc"]
[Black "Zelei, Zoltan"]
[Result "1/2-1/2"]
[WhiteElo "2010"]
[BlackElo "2059"]
[PlyCount "50"]
[EventDate "2024.11.03"]
[EventType "team-tourn"]
[EventRounds "9"]
[EventCountry "HUN"]
[Source "chess.hu"]
[SourceDate "2024.11.17"]
[WhiteTeam "DEAC-Debr.Sakkiskola"]
[BlackTeam "Mezokovesd Zsory SE"]
[WhiteTeamCountry "HUN"]
[BlackTeamCountry "HUN"]

1. e4 e6 2. d4 d5 3. Nd2 c5 4. exd5 exd5 5. Bb5+ Nc6 6. Qe2+ Qe7 7. dxc5 Qxe2+
8. Nxe2 Bxc5 9. Nb3 Bb6 10. a4 a6 11. Bxc6+ bxc6 12. a5 Ba7 13. Be3 Bxe3 14.
fxe3 Ne7 15. Ned4 O-O 16. O-O Rb8 17. Rab1 Rb4 18. Nc5 Rc4 19. b4 f5 20. Nd3
Rc3 21. Rb3 Rc4 22. c3 g5 23. g3 f4 24. exf4 gxf4 25. Rxf4 Nf5 1/2-1/2

[Event "NB2 Barcza csoport"]
[Site "Debrecen"]
[Date "2024.11.17"]
[Round "2.5"]
[White "Pap, Janos"]
[Black "Halasi, Szabolcs"]
[Result "1/2-1/2"]
[WhiteElo "2008"]
[BlackElo "1831"]
[PlyCount "41"]
[EventDate "2024.11.03"]
[EventType "team-tourn"]
[EventRounds "9"]
[EventCountry "HUN"]
[Source "chess.hu"]
[SourceDate "2024.11.17"]
[WhiteTeam "Mezokovesd Zsory SE"]
[BlackTeam "DEAC-Debr.Sakkiskola"]
[WhiteTeamCountry "HUN"]
[BlackTeamCountry "HUN"]

1. d4 d5 2. c4 e6 3. Nc3 Nf6 4. cxd5 exd5 5. Bg5 c6 6. Qc2 Be7 7. e3 Nbd7 8.
Bd3 h6 9. Bh4 Nh5 10. Bxe7 Qxe7 11. Nf3 Nb6 12. Ne5 Nf6 13. O-O O-O 14. h3 Bd7
15. a4 a5 16. Ne2 Nc8 17. Ng3 Nd6 18. Qc5 Rfe8 19. b3 Nfe4 20. Nxe4 Nxe4 21.
Qxe7 1/2-1/2

[Event "NB2 Barcza csoport"]
[Site "Debrecen"]
[Date "2024.11.17"]
[Round "2.6"]
[White "Pocsik, Gergo"]
[Black "Hevesi, Zoltan"]
[Result "1/2-1/2"]
[WhiteElo "1872"]
[BlackElo "2015"]
[PlyCount "36"]
[EventDate "2024.11.03"]
[EventType "team-tourn"]
[EventRounds "9"]
[EventCountry "HUN"]
[Source "chess.hu"]
[SourceDate "2024.11.17"]
[WhiteTeam "DEAC-Debr.Sakkiskola"]
[BlackTeam "Mezokovesd Zsory SE"]
[WhiteTeamCountry "HUN"]
[BlackTeamCountry "HUN"]

1. d4 d5 2. Bf4 Nf6 3. e3 Bf5 4. c4 c6 5. Nc3 e6 6. Qb3 Qb6 7. Qxb6 axb6 8. Nf3
Bb4 9. Nd2 Nbd7 10. f3 Bxc3 11. bxc3 O-O 12. g4 Bc2 13. g5 Nh5 14. Bd6 Rfc8 15.
cxd5 cxd5 16. Bb5 Ba4 17. Bxd7 Bxd7 18. Bb4 g6 1/2-1/2

[Event "NB2 Barcza csoport"]
[Site "Debrecen"]
[Date "2024.11.17"]
[Round "2.7"]
[White "Sallai, Janos"]
[Black "Ats, Laszlo Gyorgy"]
[Result "1/2-1/2"]
[WhiteElo "1897"]
[BlackElo "1883"]
[PlyCount "44"]
[EventDate "2024.11.03"]
[EventType "team-tourn"]
[EventRounds "9"]
[EventCountry "HUN"]
[Source "chess.hu"]
[SourceDate "2024.11.17"]
[WhiteTeam "Mezokovesd Zsory SE"]
[BlackTeam "DEAC-Debr.Sakkiskola"]
[WhiteTeamCountry "HUN"]
[BlackTeamCountry "HUN"]

1. e4 d6 2. d4 Nf6 3. Nc3 Nbd7 4. f4 e5 5. Nf3 exd4 6. Nxd4 Be7 7. Be3 Nc5 8.
Bd3 a6 9. Qd2 b5 10. Nc6 Qd7 11. Nxe7 Qxe7 12. Bxc5 dxc5 13. e5 Bb7 14. Qe2 Nd5
15. Nxd5 Bxd5 16. c4 bxc4 17. Bxc4 Bxc4 18. Qxc4 Rb8 19. O-O Rxb2 20. Qxa6 O-O
21. a4 Qd7 22. Rad1 Qg4 1/2-1/2

[Event "NB2 Barcza csoport"]
[Site "Debrecen"]
[Date "2024.11.17"]
[Round "2.8"]
[White "Vass, Boglarka"]
[Black "Kelemen, Gyorgy"]
[Result "1/2-1/2"]
[WhiteElo "1835"]
[BlackElo "1975"]
[PlyCount "60"]
[EventDate "2024.11.03"]
[EventType "team-tourn"]
[EventRounds "9"]
[EventCountry "HUN"]
[Source "chess.hu"]
[SourceDate "2024.11.17"]
[WhiteTeam "DEAC-Debr.Sakkiskola"]
[BlackTeam "Mezokovesd Zsory SE"]
[WhiteTeamCountry "HUN"]
[BlackTeamCountry "HUN"]

1. e4 c5 2. d4 cxd4 3. c3 dxc3 4. Nxc3 Nc6 5. Nf3 d6 6. e5 dxe5 7. Qxd8+ Kxd8
8. Ng5 Nh6 9. Be3 e6 10. Nb5 Bb4+ 11. Ke2 a6 12. Rd1+ Ke7 13. Nc7 Rb8 14. a3
Bd6 15. Bb6 Bd7 16. Ne4 Nf5 17. Nxd6 Nxd6 18. Bc5 Nd4+ 19. Ke3 Rbc8 20. Bb6 f5
21. f4 N4b5 22. fxe5 Nc4+ 23. Bxc4 Nxc7 24. Bc5+ Ke8 25. Rd6 Nd5+ 26. Kd4 Nc7
27. b4 h5 28. Ke3 Rh6 29. Rhd1 Bc6 30. Kf2 Rg6 1/2-1/2

[Event "NB2 Barcza csoport"]
[Site "Debrecen"]
[Date "2024.11.17"]
[Round "2.9"]
[White "Kantor, Jozsef"]
[Black "Gajdacs, Jonathan"]
[Result "0-1"]
[WhiteElo "1888"]
[BlackElo "1789"]
[PlyCount "96"]
[EventDate "2024.11.03"]
[EventType "team-tourn"]
[EventRounds "9"]
[EventCountry "HUN"]
[Source "chess.hu"]
[SourceDate "2024.11.17"]
[WhiteTeam "Mezokovesd Zsory SE"]
[BlackTeam "DEAC-Debr.Sakkiskola"]
[WhiteTeamCountry "HUN"]
[BlackTeamCountry "HUN"]

1. Nf3 d5 2. d4 Nf6 3. g3 Bf5 4. Bg2 e6 5. O-O c5 6. c3 Nc6 7. Nbd2 cxd4 8.
Nxd4 Nxd4 9. cxd4 Bd6 10. Qa4+ Qd7 11. Qxd7+ Kxd7 12. Re1 Rac8 13. e4 dxe4 14.
Nxe4 Nxe4 15. Bxe4 Bxe4 16. Rxe4 Rc2 17. Kf1 Rhc8 18. Re1 f6 19. Rb1 R8c4 20.
Be3 a5 21. Rec1 Kc6 22. Rxc2 Rxc2 23. Rc1 Rxc1+ 24. Bxc1 Kd5 25. Be3 Kc4 26.
Ke2 Bb4 27. f3 a4 28. Bf2 Ba5 29. Be3 Bb6 30. b3+ axb3 31. axb3+ Kxb3 32. Kd3
Kb4 33. Bf4 Bxd4 34. Kxd4 e5+ 35. Bxe5 fxe5+ 36. Kxe5 Kc4 37. Ke6 b5 38. Kf7 b4
39. Kxg7 b3 40. f4 b2 41. f5 b1=Q 42. g4 Qe4 43. Kxh7 Qxg4 44. f6 Qf5+ 45. Kg7
Qg5+ 46. Kf7 Kd5 47. h4 Qxh4 48. Kg6 Ke6 0-1

[Event "NB2 Barcza csoport"]
[Site "Debrecen"]
[Date "2024.11.17"]
[Round "2.10"]
[White "Kantor, Sandor Dr"]
[Black "Pota, Lajos"]
[Result "1/2-1/2"]
[WhiteElo "1883"]
[BlackElo "1697"]
[PlyCount "38"]
[EventDate "2024.11.03"]
[EventType "team-tourn"]
[EventRounds "9"]
[EventCountry "HUN"]
[Source "chess.hu"]
[SourceDate "2024.11.17"]
[WhiteTeam "DEAC-Debr.Sakkiskola"]
[BlackTeam "Mezokovesd Zsory SE"]
[WhiteTeamCountry "HUN"]
[BlackTeamCountry "HUN"]

1. e4 c5 2. Nc3 Nc6 3. g3 d6 4. Bg2 e5 5. d3 Nf6 6. Nf3 Be7 7. O-O O-O 8. h3
Be6 9. Ng5 Qd7 10. Nxe6 fxe6 11. f4 exf4 12. gxf4 e5 13. f5 Rad8 14. Kh2 Nd4
15. Be3 h6 16. Qd2 Nh7 17. Rf2 Bh4 18. Rff1 Bg5 19. Rf2 Bh4 1/2-1/2

[Event "NB2 Barcza csoport"]
[Site "Debrecen"]
[Date "2024.11.17"]
[Round "2.11"]
[White "Gaspar, Muriel Aranka"]
[Black "Biro, Csilla"]
[Result "1-0"]
[WhiteElo "1646"]
[BlackElo "1650"]
[PlyCount "33"]
[EventDate "2024.11.03"]
[EventType "team-tourn"]
[EventRounds "9"]
[EventCountry "HUN"]
[Source "chess.hu"]
[SourceDate "2024.11.17"]
[WhiteTeam "Mezokovesd Zsory SE"]
[BlackTeam "DEAC-Debr.Sakkiskola"]
[WhiteTeamCountry "HUN"]
[BlackTeamCountry "HUN"]

1. d4 e6 2. e4 d5 3. Nc3 Nf6 4. Bg5 Be7 5. e5 Nfd7 6. Bxe7 Qxe7 7. Qd2 c5 8.
Nb5 Na6 9. Nd6+ Kf8 10. c3 f6 11. f4 cxd4 12. cxd4 fxe5 13. fxe5 g6 14. Qh6+
Qg7 15. Qf4+ Ke7 16. Qg5+ Kf8 17. Qd8# 1-0

[Event "NB2 Barcza csoport"]
[Site "Debrecen"]
[Date "2024.11.17"]
[Round "2.12"]
[White "Bordos, Janos"]
[Black "Zaborszki, Aron"]
[Result "1-0"]
[WhiteElo "1721"]
[BlackElo "1411"]
[PlyCount "73"]
[EventDate "2024.11.03"]
[EventType "team-tourn"]
[EventRounds "9"]
[EventCountry "HUN"]
[Source "chess.hu"]
[SourceDate "2024.11.17"]
[WhiteTeam "DEAC-Debr.Sakkiskola"]
[BlackTeam "Mezokovesd Zsory SE"]
[WhiteTeamCountry "HUN"]
[BlackTeamCountry "HUN"]

1. e4 e5 2. Nf3 d5 3. exd5 Bd6 4. d3 h6 5. g3 f5 6. Bg2 Nf6 7. O-O g5 8. Re1
Nbd7 9. c4 b6 10. Nc3 O-O 11. a3 Re8 12. b4 e4 13. dxe4 Nxe4 14. Nxe4 Rxe4 15.
Rxe4 fxe4 16. Nd4 Nf6 17. Nc6 Bg4 18. Qd4 Be5 19. Qxe5 Qf8 20. Bb2 Kg7 21. Re1
Re8 22. Qxf6+ Qxf6 23. Bxf6+ Kxf6 24. Rxe4 Rf8 25. Nxa7 Ra8 26. Nb5 Bf5 27. Re3
Rc8 28. Nd4 Bd7 29. Kf1 b5 30. c5 Bg4 31. f3 Bh5 32. Nxb5 c6 33. Re6+ Kf5 34.
Rxc6 Re8 35. Nd6+ Ke5 36. Nxe8 Bxe8 37. Re6+ 1-0

[Event "NB2 Barcza csoport"]
[Site "Hajduboszormeny"]
[Date "2024.11.17"]
[Round "2.1"]
[White "Szabo, Attila"]
[Black "Gal, Jozsef Istvan"]
[Result "1/2-1/2"]
[WhiteElo "2144"]
[BlackElo "2238"]
[PlyCount "34"]
[EventDate "2024.11.03"]
[EventType "team-tourn"]
[EventRounds "9"]
[EventCountry "HUN"]
[Source "chess.hu"]
[SourceDate "2024.11.17"]
[WhiteTeam "Fehergyarmati SE"]
[BlackTeam "Hajduboszormenyi SE"]
[WhiteTeamCountry "HUN"]
[BlackTeamCountry "HUN"]

1. e4 c5 2. Nf3 d6 3. Bb5+ Bd7 4. Bxd7+ Qxd7 5. O-O Nc6 6. Re1 Nf6 7. b3 g6 8.
Bb2 Bg7 9. c4 O-O 10. d4 cxd4 11. Nxd4 Nxd4 12. Bxd4 b5 13. Nd2 Rfd8 14. Qe2
bxc4 15. Nxc4 Nh5 16. Bxg7 Nxg7 17. Rac1 Rac8 1/2-1/2

[Event "NB2 Barcza csoport"]
[Site "Hajduboszormeny"]
[Date "2024.11.17"]
[Round "2.2"]
[White "Leviczky, Tibor"]
[Black "Bartha, Gabor"]
[Result "1/2-1/2"]
[WhiteElo "2269"]
[BlackElo "2079"]
[PlyCount "27"]
[EventDate "2024.11.03"]
[EventType "team-tourn"]
[EventRounds "9"]
[EventCountry "HUN"]
[Source "chess.hu"]
[SourceDate "2024.11.17"]
[WhiteTeam "Hajduboszormenyi SE"]
[BlackTeam "Fehergyarmati SE"]
[WhiteTeamCountry "HUN"]
[BlackTeamCountry "HUN"]

1. e4 c5 2. Nf3 d6 3. Bb5+ Bd7 4. c4 Nf6 5. Nc3 e6 6. O-O Be7 7. Bxd7+ Nbxd7 8.
d4 cxd4 9. Nxd4 O-O 10. Qe2 a6 11. b3 Qc7 12. Bb2 Rfe8 13. Rac1 Rad8 14. Rfd1
1/2-1/2

[Event "NB2 Barcza csoport"]
[Site "Hajduboszormeny"]
[Date "2024.11.17"]
[Round "2.3"]
[White "Egeto, Janos-Lehel"]
[Black "Ballai, Zsolt"]
[Result "1/2-1/2"]
[WhiteElo "2020"]
[BlackElo "2195"]
[PlyCount "28"]
[EventDate "2024.11.03"]
[EventType "team-tourn"]
[EventRounds "9"]
[EventCountry "HUN"]
[Source "chess.hu"]
[SourceDate "2024.11.17"]
[WhiteTeam "Fehergyarmati SE"]
[BlackTeam "Hajduboszormenyi SE"]
[WhiteTeamCountry "HUN"]
[BlackTeamCountry "HUN"]

1. d4 Nf6 2. c4 g6 3. Nc3 Bg7 4. e4 d6 5. Be2 O-O 6. Bg5 Na6 7. Qd2 e5 8. d5 c6
9. f3 cxd5 10. cxd5 Bd7 11. g4 Nc5 12. h4 Qa5 13. Rb1 Na4 14. Nb5 Qxd2+ 1/2-1/2

[Event "NB2 Barcza csoport"]
[Site "Hajduboszormeny"]
[Date "2024.11.17"]
[Round "2.4"]
[White "Kovacs, Marton"]
[Black "Biro, Zsolt"]
[Result "1/2-1/2"]
[WhiteElo "2121"]
[BlackElo "1923"]
[PlyCount "68"]
[EventDate "2024.11.03"]
[EventType "team-tourn"]
[EventRounds "9"]
[EventCountry "HUN"]
[Source "chess.hu"]
[SourceDate "2024.11.17"]
[WhiteTeam "Hajduboszormenyi SE"]
[BlackTeam "Fehergyarmati SE"]
[WhiteTeamCountry "HUN"]
[BlackTeamCountry "HUN"]

1. d4 Nf6 2. Bf4 g6 3. Nc3 d5 4. Nb5 Na6 5. e3 c6 6. Nc3 Qb6 7. Rb1 Bg7 8. Nf3
O-O 9. h3 Re8 10. Be2 Nd7 11. O-O e5 12. Bh2 e4 13. Nd2 Nf6 14. b4 Nb8 15. b5
Qa5 16. bxc6 bxc6 17. Bxb8 Qxc3 18. Bd6 Bf8 19. Bg3 Qa3 20. Qc1 Qa4 21. Qb2 Ba6
22. Bxa6 Qxa6 23. Qc3 Nd7 24. Nb3 Nb6 25. Nd2 Rac8 26. Nb3 Na4 27. Qd2 Qc4 28.
Na5 Qc3 29. Qxc3 Nxc3 30. Rb7 Re7 31. Rb3 Ne2+ 32. Kh2 Nxg3 33. Kxg3 c5 34. c3
Re6 1/2-1/2

[Event "NB2 Barcza csoport"]
[Site "Hajduboszormeny"]
[Date "2024.11.17"]
[Round "2.5"]
[White "Olah, Francisc"]
[Black "Miklosi, Attila"]
[Result "1/2-1/2"]
[WhiteElo "1897"]
[BlackElo "2045"]
[PlyCount "27"]
[EventDate "2024.11.03"]
[EventType "team-tourn"]
[EventRounds "9"]
[EventCountry "HUN"]
[Source "chess.hu"]
[SourceDate "2024.11.17"]
[WhiteTeam "Fehergyarmati SE"]
[BlackTeam "Hajduboszormenyi SE"]
[WhiteTeamCountry "HUN"]
[BlackTeamCountry "HUN"]

1. d4 Nf6 2. Nc3 d5 3. Bf4 e6 4. Nb5 Bd6 5. Nxd6+ cxd6 6. e3 Nc6 7. c3 h6 8. h3
a6 9. Nf3 O-O 10. Be2 Re8 11. O-O e5 12. Bh2 Bf5 13. Rc1 b5 14. a4 1/2-1/2

[Event "NB2 Barcza csoport"]
[Site "Hajduboszormeny"]
[Date "2024.11.17"]
[Round "2.7"]
[White "Bodrogi, Laszlo"]
[Black "Uzonyi, David"]
[Result "1-0"]
[WhiteElo "1937"]
[BlackElo "2046"]
[PlyCount "29"]
[EventDate "2024.11.03"]
[EventType "team-tourn"]
[EventRounds "9"]
[EventCountry "HUN"]
[Source "chess.hu"]
[SourceDate "2024.11.17"]
[WhiteTeam "Fehergyarmati SE"]
[BlackTeam "Hajduboszormenyi SE"]
[WhiteTeamCountry "HUN"]
[BlackTeamCountry "HUN"]

1. d4 b6 2. e4 Bb7 3. Nc3 e6 4. Nf3 Bb4 5. Bd3 Nf6 6. Qe2 d5 7. e5 Ne4 8. Bd2
Nxd2 9. Qxd2 Nd7 10. O-O c5 11. a3 Ba5 12. b4 Bxb4 13. axb4 cxd4 14. Nb5 O-O
15. Nbxd4 1-0

[Event "NB2 Barcza csoport"]
[Site "Hajduboszormeny"]
[Date "2024.11.17"]
[Round "2.8"]
[White "Toth, Janos"]
[Black "Pasztor, Sandor"]
[Result "1-0"]
[WhiteElo "2045"]
[BlackElo "1822"]
[PlyCount "103"]
[EventDate "2024.11.03"]
[EventType "team-tourn"]
[EventRounds "9"]
[EventCountry "HUN"]
[Source "chess.hu"]
[SourceDate "2024.11.17"]
[WhiteTeam "Hajduboszormenyi SE"]
[BlackTeam "Fehergyarmati SE"]
[WhiteTeamCountry "HUN"]
[BlackTeamCountry "HUN"]

1. d4 d5 2. Nf3 e6 3. c4 c6 4. e3 Nf6 5. Nc3 Nbd7 6. Bd3 dxc4 7. Bxc4 b5 8. Bd3
a6 9. O-O c5 10. a4 c4 11. Be2 b4 12. Nb1 Qc7 13. Qc2 Bb7 14. Qxc4 Qxc4 15.
Bxc4 Rc8 16. Bd3 Ne4 17. Nbd2 Ndf6 18. Nxe4 Nxe4 19. Nd2 Nxd2 20. Bxd2 Bd6 21.
e4 O-O 22. Rac1 Rfd8 23. Rxc8 Rxc8 24. Rc1 Rxc1+ 25. Bxc1 Kf8 26. Bd2 a5 27. g3
Bc7 28. Be3 Ke7 29. Kf1 g6 30. Ke2 Bc6 31. b3 Bb6 32. f3 f5 33. Bg5+ Kd7 34.
Bf6 Bc7 35. Ke3 Ke8 36. Bc4 Kd7 37. Be5 Bd8 38. d5 exd5 39. exd5 Bb7 40. Bb5+
Ke7 41. Kd4 Bb6+ 42. Kc4 Kf7 43. f4 Ke7 44. h3 Kf7 45. Bd4 Bc7 46. Bc6 Ba6+ 47.
Kc5 Ke7 48. Be5 Bd8 49. Bb8 Bd3 50. d6+ Ke6 51. Bc7 Bf6 52. d7 1-0

[Event "NB2 Barcza csoport"]
[Site "Hajduboszormeny"]
[Date "2024.11.17"]
[Round "2.9"]
[White "Nagy Gy., Istvan"]
[Black "Toviskes, Antal"]
[Result "0-1"]
[WhiteElo "1869"]
[BlackElo "2023"]
[PlyCount "134"]
[EventDate "2024.11.03"]
[EventType "team-tourn"]
[EventRounds "9"]
[EventCountry "HUN"]
[Source "chess.hu"]
[SourceDate "2024.11.17"]
[WhiteTeam "Fehergyarmati SE"]
[BlackTeam "Hajduboszormenyi SE"]
[WhiteTeamCountry "HUN"]
[BlackTeamCountry "HUN"]

1. e4 c5 2. c4 Nc6 3. Nc3 g6 4. Bd3 Bg7 5. Nge2 Nf6 6. O-O d6 7. f4 O-O 8. h3
b6 9. Bb1 Bb7 10. Nd5 Nd7 11. Nec3 Nd4 12. Ne3 a6 13. a4 Bc6 14. Bd3 Rb8 15.
Rb1 b5 16. axb5 axb5 17. cxb5 Nxb5 18. Bxb5 Bxb5 19. Nxb5 Rxb5 20. Qe2 Qb8 21.
Nd5 e6 22. Nc3 Rb3 23. Rf3 Qa8 24. Nb5 Rxf3 25. Qxf3 c4 26. Na3 Nc5 27. Nxc4
Qa2 28. Na3 Ra8 29. b4 Rxa3 30. Qxa3 Bd4+ 31. Kh2 Qxb1 32. bxc5 Bxc5 33. Qc3
Qxe4 34. d3 Qd4 35. Qxd4 Bxd4 36. g4 Kg7 37. Kg3 f5 38. Kf3 Kf6 39. Bd2 Ke7 40.
Be1 Kd7 41. Bg3 Kc6 42. Ke2 Kd5 43. Kf3 Bg1 44. Ke2 Bd4 45. Kf3 Bb2 46. Ke2 Bc1
47. Bh2 h6 48. Bg3 h5 49. gxf5 gxf5 50. h4 e5 51. fxe5 dxe5 52. Bf2 Ba3 53. Ba7
Bc5 54. Bb8 Be7 55. d4 Kxd4 56. Ba7+ Bc5 57. Bb8 Ke4 58. Kf1 Be7 59. Kg2 Bxh4
60. Ba7 Bg5 61. Bb6 Kd3 62. Bf2 Ke2 63. Bb6 e4 64. Bc7 f4 65. Kg1 f3 66. Bg3 e3
67. Kh2 f2 0-1

[Event "NB2 Barcza csoport"]
[Site "Hajduboszormeny"]
[Date "2024.11.17"]
[Round "2.10"]
[White "Venter, Mate"]
[Black "Mezei, Norbert Miklos"]
[Result "1/2-1/2"]
[WhiteElo "1829"]
[BlackElo "1656"]
[PlyCount "47"]
[EventDate "2024.11.03"]
[EventType "team-tourn"]
[EventRounds "9"]
[EventCountry "HUN"]
[Source "chess.hu"]
[SourceDate "2024.11.17"]
[WhiteTeam "Hajduboszormenyi SE"]
[BlackTeam "Fehergyarmati SE"]
[WhiteTeamCountry "HUN"]
[BlackTeamCountry "HUN"]

1. d4 Nf6 2. c4 c6 3. Nc3 g6 4. e4 d6 5. Be3 Bg7 6. Bd3 Ng4 7. Nf3 Nxe3 8. fxe3
Nd7 9. O-O O-O 10. Qe2 e5 11. d5 c5 12. Rf2 Nf6 13. Rb1 Ng4 14. Rff1 a6 15. Nd1
b6 16. Nf2 Nf6 17. h3 Ra7 18. Nh1 Bd7 19. b3 Nh5 20. Rf2 Nf6 21. Ng3 Bc8 22.
Rbf1 h6 23. Nh1 Nh7 24. g4 1/2-1/2

[Event "NB2 Barcza csoport"]
[Site "Hajduboszormeny"]
[Date "2024.11.17"]
[Round "2.11"]
[White "Nagy, Ludovic"]
[Black "Toth, Gergely"]
[Result "1/2-1/2"]
[WhiteElo "1806"]
[BlackElo "1783"]
[PlyCount "41"]
[EventDate "2024.11.03"]
[EventType "team-tourn"]
[EventRounds "9"]
[EventCountry "HUN"]
[Source "chess.hu"]
[SourceDate "2024.11.17"]
[WhiteTeam "Fehergyarmati SE"]
[BlackTeam "Hajduboszormenyi SE"]
[WhiteTeamCountry "HUN"]
[BlackTeamCountry "HUN"]

1. c4 e6 2. Nc3 Nf6 3. g3 d5 4. cxd5 exd5 5. d4 Be7 6. Bg2 O-O 7. Nf3 Nbd7 8.
O-O b6 9. Bf4 a6 10. Rc1 Bb7 11. a3 c5 12. dxc5 bxc5 13. e3 Nb6 14. Qc2 Bd6 15.
Bxd6 Qxd6 16. Rfd1 Qc7 17. Ne2 Nbd7 18. Ng5 h6 19. Nf3 Rac8 20. Qf5 Qb6 21. Qc2
1/2-1/2

[Event "NB2 Barcza csoport"]
[Site "Hajduboszormeny"]
[Date "2024.11.17"]
[Round "2.12"]
[White "Kiss, Marcell Antal"]
[Black "Filep, Roni Dominik"]
[Result "1-0"]
[WhiteElo "1603"]
[BlackElo "1718"]
[PlyCount "125"]
[EventDate "2024.11.03"]
[EventType "team-tourn"]
[EventRounds "9"]
[EventCountry "HUN"]
[Source "chess.hu"]
[SourceDate "2024.11.17"]
[WhiteTeam "Hajduboszormenyi SE"]
[BlackTeam "Fehergyarmati SE"]
[WhiteTeamCountry "HUN"]
[BlackTeamCountry "HUN"]

1. d4 d5 2. c4 c6 3. Nc3 Bf5 4. e3 e6 5. Nf3 Bb4 6. Bd3 Ne7 7. O-O Nd7 8. Qe2
Bg4 9. h3 Bh5 10. e4 Nb6 11. c5 Nd7 12. a3 Ba5 13. b4 Bc7 14. exd5 Nxd5 15.
Nxd5 cxd5 16. Qe3 Qf6 17. Bb2 Bxf3 18. Qxf3 Qxf3 19. gxf3 f5 20. Rfe1 Ke7 21.
Bxf5 Nf8 22. Rac1 Bf4 23. Rc2 Rc8 24. Rce2 Rd8 25. Bxe6 Kf6 26. h4 Ng6 27. h5
Nh4 28. Bg4 h6 29. Re6+ Kg5 30. Bc1 Bxc1 31. Rxc1 Kf4 32. Rc3 Rhe8 33. Rce3
Rxe6 34. Rxe6 Nxf3+ 35. Bxf3 Kxf3 36. Re7 Rg8 37. Rxb7 g6 38. hxg6 Rxg6+ 39.
Kf1 Ra6 40. Re7 Rxa3 41. Re3+ Rxe3 42. fxe3 Kxe3 43. c6 Kxd4 44. c7 Kc4 45.
c8=Q+ Kxb4 46. Qb7+ Kc4 47. Qxa7 d4 48. Qa6+ Kc3 49. Qxh6 Kc2 50. Ke2 d3+ 51.
Ke1 Kc3 52. Qd2+ Kd4 53. Kf2 Kc4 54. Ke3 Kd5 55. Qxd3+ Kc5 56. Ke4 Kc6 57. Qd5+
Kc7 58. Qe6 Kb7 59. Qd6 Ka8 60. Qd7 Kb8 61. Kd5 Ka8 62. Kc6 Kb8 63. Qb7# 1-0

[Event "NB2 Barcza csoport"]
[Site "Mezokovesd"]
[Date "2024.12.01"]
[Round "3.1"]
[White "Gal, Jozsef Istvan"]
[Black "Burghardt, Jozsef"]
[Result "1-0"]
[WhiteElo "2227"]
[BlackElo "2096"]
[PlyCount "89"]
[GameId "2119495349527110"]
[EventDate "2024.11.03"]
[EventType "team-tourn"]
[EventRounds "9"]
[EventCountry "HUN"]
[Source "chess.hu"]
[WhiteTeam "Hajduboszormenyi SE"]
[BlackTeam "Mezokovesd Zsory SE"]
[WhiteTeamCountry "HUN"]
[BlackTeamCountry "HUN"]

1. d4 Nf6 2. c4 c5 3. d5 b5 4. cxb5 a6 5. bxa6 Bxa6 6. Nc3 d6 7. Nf3 g6 8. e4 Bxf1 9. Kxf1 Bg7 10. g3 O-O 11. Kg2 Na6 12. Re1 Nc7 13. Bf4 Ra6 14. Qe2 Qa8 15. Red1 Rb6 16. Rac1 Rfb8 17. b3 Nb5 18. Nxb5 Rxb5 19. Bg5 Rb4 20. Bxf6 Bxf6 21. Rc2 Re8 22. Nd2 e6 23. Qf3 Bd4 24. Nc4 Qa6 25. h4 h5 26. Qf4 exd5 27. exd5 Be5 28. Qf3 Bd4 29. Rdd2 Rbb8 30. Re2 Kg7 31. Re4 Rxe4 32. Qxe4 Rd8 33. Qe7 Qa8 34. Qe4 Re8 35. Qf3 Qa6 36. Re2 Rxe2 37. Qxe2 Qa8 38. Qf3 Qb8 39. Qf4 Be5 40. Nxe5 dxe5 41. Qc4 Qa7 42. a4 Kf6 43. Qb5 Ke7 44. Qc6 Qa5 45. d6+ 1-0

[Event "NB2 Barcza csoport"]
[Site "Mezokovesd"]
[Date "2024.12.01"]
[Round "3.3"]
[White "Toth, Tamas"]
[Black "Kerek, Krisztian"]
[Result "1/2-1/2"]
[WhiteElo "2198"]
[BlackElo "2123"]
[PlyCount "72"]
[GameId "2119495425090150"]
[EventDate "2024.11.03"]
[EventType "team-tourn"]
[EventRounds "9"]
[EventCountry "HUN"]
[Source "chess.hu"]
[WhiteTeam "Hajduboszormenyi SE"]
[BlackTeam "Mezokovesd Zsory SE"]
[WhiteTeamCountry "HUN"]
[BlackTeamCountry "HUN"]

1. e4 c5 2. Nf3 a6 3. c4 Nc6 4. d4 cxd4 5. Nxd4 e6 6. Nc3 Bb4 7. Qd3 Nf6 8. Nxc6 dxc6 9. Qxd8+ Kxd8 10. e5 Nd7 11. f4 Kc7 12. a3 Bxc3+ 13. bxc3 Nc5 14. Be3 b6 15. Be2 Na4 16. O-O Nxc3 17. Bf3 Bb7 18. a4 c5 19. Rfc1 Bxf3 20. Rxc3 Be4 21. a5 Rhb8 22. Rca3 Kc6 23. axb6 Rxb6 24. Ra5 Rb2 25. Rxc5+ Kb7 26. Rd1 Rc8 27. Rd7+ Kb8 28. Rxc8+ Kxc8 29. Rd2 Rb1+ 30. Kf2 a5 31. Ra2 Bc6 32. Rxa5 Rb2+ 33. Kf1 Bxg2+ 34. Ke1 Bf3 35. Bd2 Rb1+ 36. Kf2 Bb7 1/2-1/2

[Event "NB2 Barcza csoport"]
[Site "Mezokovesd"]
[Date "2024.12.01"]
[Round "3.4"]
[White "Zelei, Zoltan"]
[Black "Ballai, Zsolt"]
[Result "1/2-1/2"]
[WhiteElo "2059"]
[BlackElo "2190"]
[PlyCount "54"]
[GameId "2119495462896246"]
[EventDate "2024.11.03"]
[EventType "team-tourn"]
[EventRounds "9"]
[EventCountry "HUN"]
[Source "chess.hu"]
[WhiteTeam "Mezokovesd Zsory SE"]
[BlackTeam "Hajduboszormenyi SE"]
[WhiteTeamCountry "HUN"]
[BlackTeamCountry "HUN"]

1. e4 c5 2. Nf3 d6 3. d4 cxd4 4. Nxd4 Nf6 5. Nc3 a6 6. Be3 e5 7. Nf3 h6 8. a4 Be6 9. Qd2 Ng4 10. Rd1 Nxe3 11. Qxe3 Nd7 12. Be2 Rc8 13. O-O Be7 14. Bd3 O-O 15. Ne2 Nc5 16. b3 Qc7 17. Rc1 Rfe8 18. Ng3 Bf8 19. Qe2 d5 20. exd5 Bxd5 21. Bc4 Bxc4 22. Qxc4 e4 23. Nd2 Qf4 24. Qe2 f5 25. Nc4 Ne6 26. Qh5 Nd4 27. Ne3 Re5 1/2-1/2